000 01702nam0a2200373 4500
001 RU\NLR\bibl\1447575
005 20260408071843.0
010 _a978-5-373-02861-5
_bв пер.
_95000
021 _aRU
_b2009-81395
_95109
035 _a(nilc)RSL-KNO-004396816
035 _a(NLR Aleph) 001439405
090 _a1453249
_c1453249
100 _a20091012d2009 |||y0rusy50 ca
101 0 _arus
102 _aRU
105 _ay zzzz|||||
200 1 _aЗаболевания почек
_eлучшие рецепты народной медицины от А до Я
_fОЛМАмедиагрупп
_g[Е. Ю. Храмова]
210 _aМосква
_cОЛМА Медиа Групп
_d2009
215 _a254, [1] с.
_cил.
_d21
225 1 _aСкажи здоровью "Да"
517 0 _aЛучшие рецепты народной медицины от А до Я
606 1 _aПочки
_jПопулярные издания
_xБолезни
_xТерапия народными средствами
_92169036
_3RU\NLR\auth\661304885
606 1 _aМочевые пути
_jПопулярные издания
_xБолезни
_xТерапия народными средствами
_92503081
_3RU\NLR\auth\661484423
686 _aР414я9
_2rubbk
686 _aР414-5я9
686 _aР696.5-5я9
702 1 _aХрамова
_bЕ. Ю.
_gЕлена Юрьевна
_4220
712 0 2 _4570
_a"ОЛМА МЕДИА ГРУПП", закрытое акционерное общество
_cМосква
_9617745
_3RU\NLR\AUTH\8810058315
801 0 _aRU
_bРКП
_c20091012
_grcr
801 1 _aRU
_bРГБ
_c20091012
801 2 _aRU
_bNLR
_c20091204
_grcr
942 _cBOOK
980 _aNB